000 01254nam0a22002891 4500
001 v19\rc\1530462
005 20260405161310.0
035 _a(NLR Aleph) 005234397
090 _a5638991
_c5638991
100 _a20060620d1887 |||y0rusy50 ca
101 0 _arus
102 _aRU
105 _ay z |||||
200 1 _aПравила для начальных народных училищ, подлежащих ведению Лужского уездного училищного совета
210 _aСанкт-Петербург
_d[1887]
215 _a74 с.
_d24
300 _aВ конце текста: "Правила сии сост. инспектором нар. училищ В. Александровым ..."
309 _aБез тит. л. и обл.
702 1 _4220
_7ca
_8rus
_aАлександров
_bВ. А.
_cпедагог, писатель
_f1842-1906
_gВладимир Александрович
_950735
_3RU\NLR\AUTH\7767807
710 0 2 _aЛужский уезд. училищный совет
801 0 _aRU
_bNLR
_c20060620
_gpsbo
801 0 _aRU
_bRuMoRGB
_c20060620
_2psbo
801 1 _aRU
_bProSoft-M
_c20060620
_2rusmarc
801 2 _aRU
_bNLR
_c20080901
_2rusmarc
852 _aNLR
_j18.308.2.51
942 _cBOOK
980 _aNB